00362nam a2200133 a 4500008004100000020001500041050001500056100002000071245004700091260004200138350000900180650002200189650001700211120416s1995 ||||||||||||||||| || u a0521551773 aQA 199 Por aPorteous, Ian R10aClifford algebras and the classical groups aCambridgebThe University Pressc1995 a0.00 aCLIFFORD ALGEBRAS aGroup theory